000 00739nam a2200241 i 4500
001 18583
003 ES-MaACL
005 20250524193707.0
007 t|
008 011023s2000 sp ||||1| spa d
020 _a84-931243-6-2
080 _a821.134.2-34"19")(082.2)
245 0 1 _a¿Qué fabulan los filósofos?
_b: relatos de pensadores españoles /
_cprólogo de Rafael Escuredo.
250 _a1ª ed.
260 _aMadrid :
_bPáginas de Espuma,
_c2000.
300 _a205 p. ;
_c22 cm.
490 1 _aVoces ;
_v2
650 4 _aCuentos españoles-
_yS.XX.
_911487
700 1 _aEscuredo, Rafael,
_d1944-
_9240712
830 0 _aVoces ;
_v2
_9180471
852 _aES-MaACL
_jL-25146
_bR.130280
999 _c18583
_d18583